| 000 | 01138nam a22003733 4500 | ||
|---|---|---|---|
| 001 | 22840 | ||
| 003 | SK-KTurca | ||
| 005 | 20260429130201.0 | ||
| 008 | 230425s2022 xo g 000 1 slo d | ||
| 020 |
_a9788056910047 _q(viazané) |
||
| 035 | _aa000724803 | ||
| 040 |
_aUKB _bslo _dUKB _erda |
||
| 041 | 0 | _aslo | |
| 044 |
_axo _cSK |
||
| 072 | 7 |
_a821.162.4-3 _xSlovenská próza _2konspekt |
|
| 080 |
_a821.162.4-31 _22011 |
||
| 080 |
_a(0:82-31)-055.2 _22011 |
||
| 080 |
_a(0.038) _22011 |
||
| 100 | 1 |
_aHrašková, Eva, _d1988- _4aut |
|
| 245 | 1 | 0 |
_aPiliere ilúzie _cEva Krajancová |
| 250 | _a1. vydanie | ||
| 264 | 1 |
_aBratislava _bMarenčin PT _c2022 |
|
| 300 | _a254 strán | ||
| 336 |
_atext _btxt _2rdacontent |
||
| 337 |
_abez média _bn _2rdamedia |
||
| 338 |
_azväzok _bnc _2rdacarrier |
||
| 500 | _aAutorka Eva Hrašková rod. Krajancová | ||
| 530 | _aDostupný aj zvukový záznam | ||
| 655 | 7 |
_aslovenské romány _2UKBPH |
|
| 655 | 7 |
_aromány pre ženy _2UKBPH |
|
| 776 | 0 |
_tPiliere ilúzie _i[zvukový záznam] |
|
| 942 |
_2ddc _cKLDO _n0 |
||
| 980 | _aMarenčin PT, spol. s.r.o., Jelenia 6, 811 05 Bratislava 1 | ||
| 999 |
_c22840 _d22840 |
||